| 000 | 00372nam a22001577a 4500 | ||
|---|---|---|---|
| 003 | SGT | ||
| 020 | _a9789388022132 | ||
| 082 |
_a617.6 _bI19M |
||
| 100 | _aKUMAR, MUKESH | ||
| 245 | _aImplants - A Total Anchorage Device | ||
| 250 | _a1ST | ||
| 260 |
_aNEW DELHI _b IP Innovative Publication Pvt. Ltd. _c2019 |
||
| 300 | _a1-87 | ||
| 650 | _aIMPLANTS | ||
| 942 |
_2ddc _cBK |
||
| 999 |
_c20173 _d20173 |
||